000 00297nam a2200097Ia 4500
005 20251222143210.0
008 251222s9999||||xx |||||||||||||| ||spa||
082 _a005.8/I59/30
245 0 _aGuía institucional de acciones durante la transición al año 2000 y operación de año nuevo
942 _cLIB
999 _c13392
_d13392